| 000 | 00743nam a22002057a 4500 | ||
|---|---|---|---|
| 005 | 20100814145542.0 | ||
| 010 | _aENG-100476 | ||
| 020 |
_a9788190793452 _c40.00 |
||
| 035 | _aEN-84009 | ||
| 037 | _bDBAD/PUB | ||
| 082 | _a539.776 | ||
| 100 |
_aDeivamani, D. _913733 |
||
| 245 |
_aMagnetic studies of some single crystals / _cby D.Deivamani |
||
| 260 |
_aChidambaram _bSahana Publications _c2008 |
||
| 270 |
_a12, Ganthi Nagar _bChidambaram _e608001 |
||
| 300 |
_a64p. _c20cm (pbk) |
||
| 500 | _aIncludes bibliographical references | ||
| 942 |
_2ddc _cEN _h539.776 _mDEI |
||
| 999 |
_c41945 _d41945 |
||